00606 2200181 4500245005900000020002200059250001100081100002300092700001500115650002700130005001900157260003100176041001400207084001000221300002500231500015900256336000900415 aPotret Bencana Alam TerburukcWizaldi NirmansyahhText a978-979-99898-6-4 aCet. 1 aWizaldi Nirmansyah aTim Cahaya aPeristiwa Bencana Alam a20230929081813 aBandungbSanggabuanac2013 aIndonesia a904.5 aiv, 96 hlm. :cilus. aBuku ini berisi tentang pengetahuan-pengetahuan terkait bancana-bencana alam, seperti gempa, tsunami, letusan gunung, banjir, tornado, dan kebakaran liar. atext